Medzinárodná obchodná integrácia ako dôležitý predpoklad prehlbovania medzinárodnej finančnej integrácie

Predpoklady nárastu medzinárodnej obchodnej integrácie. Medzinárodná obchodná a finančná integrácia. Vzťah medzinárodnej obchodnej a finančnej integrácie. Medzinárodné aspekty skúmania obchodnej a finančnej integrácie. Obchodná a finančná integrácia SR.

Salvato in:
Dettagli Bibliografici
Autore principale: Mirdala, Rajmund
Natura: Capitolo di libro
Lingua:slovacco
Soggetti:
Tags: Aggiungi Tag
Nessun Tag, puoi essere il primo ad aggiungerne!!

MARC

LEADER 00000naa$a2200000$$$4500
001 0061924
005 20231116083615.4
041 0 |a slo 
044 |a SK 
245 1 0 |a Medzinárodná obchodná integrácia ako dôležitý predpoklad prehlbovania medzinárodnej finančnej integrácie  |c Rajmund Mirdala 
520 |a Predpoklady nárastu medzinárodnej obchodnej integrácie. Medzinárodná obchodná a finančná integrácia. Vzťah medzinárodnej obchodnej a finančnej integrácie. Medzinárodné aspekty skúmania obchodnej a finančnej integrácie. Obchodná a finančná integrácia SR. 
610 2 0 |a integrácia ekonomická medzinárodná 
610 2 0 |a integrácia menová 
610 2 0 |a Slovensko 
610 2 0 |a spolupráca hospodárska medzinárodná 
610 2 0 |a kapitál zahraničný 
610 2 0 |a hospodárstvo otvorené 
100 1 |a Mirdala, Rajmund